00532nam a22001697a 450000500170000001000150001702000260003203500140005803700130007208200160008510000200010124500680012126000360018927000550022530000240028050000580030420181010150709.0 aENG-124227 a9789386050922c350.00 aEN-107759 bDBAD/PUB a335.4092254 aSengupta, Swati aOut of war:cby Swati Senguptabvoices of surrendered maoists / aNew DelhibSpeaking Tigerc2016 a4381/4, Ansari Road, Daryaganj,bNew Delhie110002 axii,269p.c21cm(Hb) aIt includes bibliographical notes and acknowledgement